000 00315nam a22001337a 4500
008 170526b xxu||||| |||| 00| 0 eng d
020 _a9780201558753
041 _aeng
080 _25 ED
_a62
100 _a25
101 _aIM
245 _aFORTRAN WITH ENGINEERING APPLICATION
_cKOFFMAN..E.B
942 _2udc
_cBK
999 _c14440
_d14440